|
|
|
|
| LEADER |
00000nam0a2200000 4500 |
| 001 |
673858 |
| 005 |
20240731125258.0 |
| 090 |
|
|
|a 673858
|
| 100 |
|
|
|a 20240731d1978 m||y0rusy50 ca
|
| 101 |
0 |
|
|a rus
|
| 102 |
|
|
|a RU
|
| 105 |
|
|
|a a j 001yy
|
| 181 |
|
0 |
|a i
|b e
|
| 182 |
|
0 |
|a n
|
| 183 |
|
0 |
|a nc
|2 RDAcarrier
|
| 200 |
1 |
|
|a Искажения сигналов в каналах связи
|e учебное пособие
|f Пономарев В. И., Крыжин В. И., Егоров В. А.
|g Ленинградский электротехнический институт связи им. М. А. Бонч-Бруевича
|
| 203 |
|
|
|a Текст
|b визуальный
|c микроформа
|
| 210 |
|
|
|a Ленинград
|d 1978
|
| 215 |
|
|
|a 81 с.
|c ил.
|
| 283 |
|
|
|a volume
|2 RDAcarrier
|
| 320 |
|
|
|a Литература: с. 79
|
| 606 |
1 |
|
|a Каналы связи
|x Искажения линейные
|9 40289
|
| 610 |
1 |
|
|a переходные процессы
|
| 610 |
1 |
|
|a расчет
|
| 610 |
1 |
|
|a методы
|
| 610 |
1 |
|
|a идеализированные фильтры
|
| 610 |
1 |
|
|a анализаторы
|
| 610 |
1 |
|
|a учебные пособия
|
| 675 |
|
|
|a 621.391.83(075.8)
|v 4
|
| 700 |
|
1 |
|a Пономарев
|b В. И.
|
| 701 |
|
1 |
|a Крыжин
|b В. И.
|
| 701 |
|
1 |
|a Егоров
|b В. А.
|
| 712 |
0 |
2 |
|a Ленинградский электротехнический институт связи им. М. А. Бонч-Бруевича
|4 570
|9 25559
|
| 801 |
|
0 |
|a RU
|b 63413507
|c 20240730
|
| 830 |
|
|
|a Ретро2024Каталогизация Шило
|
| 850 |
|
|
|a 63413507
|
| 942 |
|
|
|c BK
|